| 000 | 00820nam a22002297a 4500 | ||
|---|---|---|---|
| 003 | UA-OsUOA | ||
| 001 | 110136 | ||
| 007 | ta | ||
| 008 | 20150220b un ||||| |||| 00| 0 ukr d | ||
| 090 | _a811.161. 2'366(075.8) | ||
| 942 | _cBK | ||
| 040 |
_aUA-OsUOA _bukr _cUA-OsUOA _dUA-OsUOA |
||
| 245 |
_aМорфологія сучасної української мови _bнавчальний посібник _cЛ. Алексієнко, О. Зубань, І. Козленко |
||
| 300 | _a675 с. | ||
| 955 | _a2 | ||
| 041 | _aukr | ||
| 080 | _a811.161. 2'366(075.8) | ||
| 020 | _a978-966-439-724-4 | ||
| 260 |
_aК. _bКиївський університет _c2014 |
||
| 650 | 7 |
_a8 Мовознавство. Художня література. Літературознавство _2UDC |
|
| 999 |
_c396185 _d396185 |
||